| 000 | 00612nam a22002057a 4500 | ||
|---|---|---|---|
| 999 |
_c2733 _d2733 |
||
| 003 | AR-CdUCM | ||
| 008 | 190305b ||||| |||| 00| 0 spa d | ||
| 040 |
_aMUNICIPALIDAD PROVINCIAL DEL CUSCO _cBIBLIOTECA MUNICIPAL DEL CUSCO |
||
| 082 |
_a869.944 / _bAR71 |
||
| 100 |
_aArgueta, Manlio _99562 |
||
| 245 | _aCaperucita en la Zona Roja / | ||
| 260 |
_aCuba : _bCasa de Las Américas ; _c1977. |
||
| 300 |
_a217 páginas ; _c19cm |
||
| 505 | _aNovela | ||
| 650 |
_aLiteratura salvadoreña _99563 |
||
| 650 |
_aLiteratura siglo XX _91173 |
||
| 650 |
_aEl Salvador _99564 |
||
| 942 |
_2ddc _cLIBROS |
||
| 945 | _anom | ||